00630cam a2200181 a 4500020002200000040000800022082002600030100001800056245007800074260009900152300002700251650003800278650003100316650003800347650003100385700001600416710001600432 a0801829100 (pbk.) cDLC00a351 PUB 1982 A073 Or.1 aCasley, D. J.10aMonitoring and evaluation of agriculture and rural development projects / aBaltimore, Md. :bPublished for the World Bank [by the] Johns Hopkins University Press,c1982. aviii, 145 p. ;c23 cm. 0aAgricultural development projects 0aRural development projects 0aAgricultural development projects 0aRural development projects1 aLury, D. A.2 aWorld Bank.